000
00308nam a2200121Ia 4500
005
20251222154411.0
008
251222s9999||||xx |||||||||||||| ||spa||
020
_a
84-376-0625-X
082
_a
868.9/G24
100
_a
"García Peinado, Miguel Ángel"
245
0
_a
Maese Pathelin y otras farsas
942
_c
LIB
999
_c
35657
_d
35657